| 000 | 00664cam a22002411 4500 | ||
|---|---|---|---|
| 999 |
_c8987 _d8987 |
||
| 001 | 8987 | ||
| 003 | BD-JhCC | ||
| 005 | 20180716181416.0 | ||
| 008 | 730221s1966 nyua b 000 0 eng | ||
| 035 | _a(BD-JhCC)8987 | ||
| 040 |
_aDLC _cODaWU _dOCoLC _dUk _dDLC _dBD-JhCC |
||
| 041 | _aeng | ||
| 050 | 0 | 0 |
_aTA710 _b.H328 |
| 082 |
_a624.151 _bHAR 1966 |
||
| 100 | 1 |
_aHarr, Milton Edward, _d1925- |
|
| 245 | 1 | 0 |
_aFoundations of theoretical soil mechanics / _c M.E. Harr. |
| 260 |
_aNew York, _bMcGraw-Hill _c[1966] |
||
| 300 |
_axi, 381 p. _billus. _c24 cm. |
||
| 504 | _aBibliography: p. 426-453. | ||
| 650 | 0 | _aSoil mechanics. | |
| 942 |
_2ddc _cBK |
||